Courts of justice in Kenya / (Record no. 7782)
[ view plain ]
| 000 -LEADER | |
|---|---|
| fixed length control field | 00568nam a22001932 4500 |
| 001 - CONTROL NUMBER | |
| control field | 0000009105 |
| 005 - DATE AND TIME OF LATEST TRANSACTION | |
| control field | 20151217152049.0 |
| 008 - FIXED-LENGTH DATA ELEMENTS--GENERAL INFORMATION | |
| fixed length control field | 080903s xx 000 0 eng d |
| 020 ## - INTERNATIONAL STANDARD BOOK NUMBER | |
| International Standard Book Number | 0195727274 : |
| Terms of availability | KES 605 |
| 040 ## - CATALOGING SOURCE | |
| Original cataloging agency | KABU |
| Transcribing agency | KABU |
| 100 1# - MAIN ENTRY--PERSONAL NAME | |
| Personal name | Kuloba, Richard. |
| -- | 0000160095 |
| 245 10 - TITLE STATEMENT | |
| Title | Courts of justice in Kenya / |
| Statement of responsibility, etc. | Richard Kuloba. |
| 260 ## - PUBLICATION, DISTRIBUTION, ETC. (IMPRINT) | |
| Place of publication, distribution, etc. | Nairobi : |
| Name of publisher, distributor, etc. | O. U. P., |
| Date of publication, distribution, etc. | 1997. |
| 300 ## - PHYSICAL DESCRIPTION | |
| Extent | 194 p. |
| 650 #0 - SUBJECT ADDED ENTRY--TOPICAL TERM | |
| Topical term or geographic name as entry element | Justice, Administration of |
| Geographic subdivision | Kenya. |
| -- | 0000160139 |
| 852 1# - LOCATION | |
| -- | p605 KSH |
| 908 ## - PUT COMMAND PARAMETER (RLIN) | |
| Put command parameter | 080903 |
| 950 ## - LOCAL HOLDINGS (RLIN) | |
| -- | 1 |
| Withdrawn status | Lost status | Source of classification or shelving scheme | Not for loan | Home library | Current library | Date acquired | Total Checkouts | Full call number | Barcode | Date last seen | Date last checked out | Price effective from | Koha item type |
|---|---|---|---|---|---|---|---|---|---|---|---|---|---|
| Library of Congress Classification | Kabarak, Main Campus | Kabarak, Main Campus | 17/12/2015 | 1 | KSK3420 .K85 c. 2 | 18409 | 24/06/2016 | 23/06/2016 | 17/12/2015 | General Collection | |||
| Library of Congress Classification | Kabarak, Main Campus | Kabarak, Main Campus | 17/12/2015 | 2 | KSK3420 .K85 c. 3 | 22752 | 26/02/2022 | 07/02/2022 | 17/12/2015 | General Collection | |||
| Library of Congress Classification | Kabarak, Main Campus | Kabarak, Main Campus | 17/12/2015 | 1 | KSK3420 .K85 c. 1 | 012495 | 20/06/2019 | 15/06/2019 | 17/12/2015 | Africana Collection |